MARC

LEADER 00000nam0a2200000 4500
001 319373
005 20231102003155.0
035 |a (RuTPU)RU\TPU\book\344882 
090 |a 319373 
100 |a 20160530d1952 k y0rusy50 ca 
101 0 |a rus 
102 |a RU 
105 |a a z 001zy 
200 1 |a Обработка металлов давлением  |e [сборник статей]  |f под ред. Н. П. Громова 
210 |a Москва  |c Металлургиздат  |d 1952 
215 |a 480 с.  |c ил. 
320 |a Библиогр. в конце ст. 
606 1 |a Металлообработка давлением  |2 stltpush  |3 (RuTPU)RU\TPU\subj\72676  |9 86085 
610 1 |a металлы 
610 1 |a очаги 
610 1 |a перемещение 
610 1 |a прокатка 
610 1 |a деформации 
610 1 |a натяжение 
610 1 |a удельное давление 
610 1 |a простые профили 
610 1 |a фасонные профили 
610 1 |a упругая деформация 
610 1 |a волочение 
675 |a 621.73  |v 4 
702 1 |a Громов  |b Н. П.  |4 340 
801 1 |a RU  |b 63413507  |c 20160530 
801 2 |a RU  |b 63413507  |c 20160531  |g RCR 
942 |c BK